000 00793nam a2200217Ia 4500
005 20241129105812.0
008 241129s9999||||xx |||||||||||||| ||und||
020 _a978-81-956252-7-7
037 _aTB
040 _aARTS
_bpun
_cARTS
041 _apun
_2pun
084 _aMV41:(Y:4515).247 153Q6
_qARTS
100 _aਕੌਰ, ਰਵਿੰਦਰ, ੳਗ।
245 0 _aਕੀ ਤੁਹਾਨੂੰ ਕੁਨਾਨ ਪੋਸ਼ਪੋਰਾ ਯਾਦ ਹੈ
_cਕੌਰ, ਰਵਿੰਦਰ, ੳਗ।
260 _aਸੰਗਰੂਰ, ਭਾਰਤ
_bਸੰਗਰੂਰ ਰਥਿਕ ਫ਼ਾਉਡੇਸ਼ਨ
_c2022
300 _a247ਪ੍ਰ0
365 _aINR
_b399
650 _aUseful Arts
942 _cTB
_hMV41:(Y:4515).247 153Q6
999 _c1226013
_d1226013